[Event "HUN-chT4 Chalupetzky 1516"]
[Site "Fertoszentmiklos"]
[Date "2016.04.10"]
[Round "7.5"]
[White "Vasvari, Attila"]
[Black "Davidhazy, Robert"]
[Result "1/2-1/2"]
[WhiteElo "1635"]
[BlackElo "1622"]
[PlyCount "24"]
[EventDate "2015.10.11"]
[EventType "team-tourn"]
[EventRounds "7"]
[EventCountry "HUN"]
[SourceTitle "EXT 2017"]
[Source "ChessBase"]
[SourceDate "2016.10.25"]
[SourceVersion "1"]
[SourceVersionDate "2016.10.25"]
[SourceQuality "1"]
[WhiteTeam "UDSE II"]
[BlackTeam "Gonyu"]
[WhiteTeamCountry "HUN"]
[BlackTeamCountry "HUN"]

1. e4 e5 2. Nf3 Nf6 3. d4 Nxe4 4. Qe2 d5 5. Nxe5 Be7 6. Nd2 Nxd2 7. Bxd2 0-0 8. Qf3 Bf6 9. Bd3 c5 10. c3 cxd4 11. cxd4 Nc6 12. Nxc6 bxc6 1/2-1/2

[Event "HUN-chT4 1314"]
[Site "Hungary"]
[Date "2013.11.10"]
[Round "3.1"]
[White "Davidhazy, Robert"]
[Black "Horvath, Gabor"]
[Result "0-1"]
[WhiteElo "1670"]
[BlackElo "2069"]
[PlyCount "74"]
[EventDate "2013.10.13"]
[EventType "team-tourn"]
[EventRounds "11"]
[EventCountry "HUN"]
[SourceTitle "EXT 2016"]
[Source "ChessBase"]
[SourceDate "2015.10.08"]
[SourceVersion "1"]
[SourceVersionDate "2015.10.08"]
[SourceQuality "1"]

1. c4 e5 2. e4 Nc6 3. Nf3 Bc5 4. d3 d6 5. h3 Nge7 6. Nc3 0-0 7. Be2 f5 8. Bg5 h6 9. Bxe7 Qxe7 10. 0-0 f4 11. a3 a5 12. Rb1 Qf7 13. Nd5 Nd4 14. Nh4 Nxe2+ 15. Qxe2 c6 16. Ne7+ Qxe7 17. Ng6 Qf6 18. Nxf8 Qxf8 19. Kh2 a4 20. f3 Be6 21. Qc2 g5 22. Qd1 Qf6 23. Qe1 Kg7 24. Qe2 h5 25. g4 fxg3+ 26. Kxg3 Qf4+ 27. Kg2 h4 28. Qe1 Kh6 29. Rd1 Ra6 30. Rh1 Rb6 31. Rd2 Rb3 32. Rh2 Be3 33. Rc2 Rxd3 34. Qf1 Bxc4 35. Qe1 d5 36. Kh1 Qxf3+ 37. Rhg2 Rd1 0-1